[Event "Finland Team Ch"]
[Site "Turku FIN"]
[Date "2015.11.08"]
[Round "4"]
[White "Keto-Tokoi, Markko"]
[Black "Heimonen, Arto"]
[Result "1-0"]
[Section "II Division:1"]
[Board "4"]
[WhiteTeam "Aninkaisten Shakki"]
[BlackTeam "Lauttasaaren Shakkikerho 2"]
[WhiteElo "1931"]
[BlackElo "1651"]

1.d4 Nf6 2.Bg5 Ne4 3.Bc1 Nf6 4.Nf3 b6 5.e3 Bb7 6.Bd3 Be4 7.Be2 e6 8.O-O d5
9.Nbd2 Bg6 10.Ne5 Bd6 11.b3 c6 12.Bb2 Qc7 13.c4 Nbd7 14.cxd5 exd5 15.f4 Be4
16.Rc1 c5 17.g4 h5 18.g5 Ng4 19.Bxg4 hxg4 20.Nxe4 dxe4 21.Qxg4 Nf6 22.Qf5 Bxe5
23.gxf6 gxf6 24.fxe5 Rd8 25.Qxf6 Rg8+ 1-0

[Event "Finland Team Ch"]
[Site "Joensuu FIN"]
[Date "2016.01.09"]
[Round "4"]
[White "Kauppala, Pekka"]
[Black "Jönhede, Marko"]
[Result "1/2-1/2"]
[Section "II Division:3"]
[Board "1"]
[WhiteTeam "Lauttasaaren Shakkikerho"]
[BlackTeam "Joensuun Shakkikerho 2"]
[WhiteElo "2067"]
[BlackElo "1951"]

1.g3 Nf6 2.Bg2 g6 3.e4 d6 4.f4 Bg7 5.d4 O-O 6.Nc3 c6 7.a4 e5 8.Nge2 Bg4 9.dxe5
dxe5 10.Qxd8 Rxd8 11.h3 Bxe2 12.Kxe2 Nh5 13.Kf3 f5 14.Be3 exf4 15.gxf4 Bxc3
16.bxc3 fxe4+ 17.Kg4 Nd7 18.Bd4 Ndf6+ 19.Kg5 Rd5+ 20.Be5 Rd2 21.Rhg1 Kf7
22.Rab1 b6 23.Rbe1 Rad8 24.Bxe4 Nxe4+ 25.Rxe4 Rxc2 26.Rc4 c5 27.a5 Rd3 28.axb6
axb6 29.Ra4 Rxh3 30.Ra7+ Ke6 31.Rb7 Rg3+ 32.Rxg3 Nxg3 33.Rxb6+ Kd5 34.Kh6 Rh2+
35.Kg7 Nh5+ 36.Kg8 Rf2 37.Rd6+ Kc4 38.Kxh7 Nxf4 39.Kh6 Nd3 40.Bg7 Rg2 41.Rxg6
Rxg6+ 42.Kxg6 Kb3 43.Kf5 c4 44.Ke4 Nc5+ 45.Ke3 Ne6 46.Bh8 Nc7 47.Kd2 Nb5
48.Bg7 Kb2 49.Bh8 Na3 50.Bg7 Nb1+ 51.Kd1 Kb3 52.Kc1 Nxc3 53.Bh8 Kb4 54.Kc2 Nb5
55.Kb2 Kc5 56.Kc2 Kd5 57.Bg7 Ke4 58.Bh8 Na3+ 59.Kc3 1/2-1/2

[Event "Finland Team Ch"]
[Site "Joensuu FIN"]
[Date "2016.01.09"]
[Round "4"]
[White "Juurikainen, Juha-Matti"]
[Black "Heikkinen, Jyrki"]
[Result "1-0"]
[Section "II Division:3"]
[Board "2"]
[WhiteTeam "Joensuun Shakkikerho 2"]
[BlackTeam "Lauttasaaren Shakkikerho"]
[WhiteElo "1933"]
[BlackElo "2051"]

1.d4 Nf6 2.c4 g6 3.Nc3 d5 4.e3 Bg7 5.Nf3 O-O 6.Be2 c6 7.O-O Nbd7 8.cxd5 Nxd5
9.Nxd5 cxd5 10.Bd2 e5 11.Nxe5 Nxe5 12.dxe5 Bxe5 13.Bc3 Bxc3 14.bxc3 Be6 15.Qd4
Qa5 16.Qb4 Qc7 17.Rab1 b6 18.Rfc1 Bf5 19.Rb2 Rfe8 20.Bf3 Be4 21.Rd2 Bxf3
22.gxf3 Re5 23.Qf4 Rc8 24.Rcd1 Qxc3 25.Rxd5 Rxd5 26.Rxd5 Qa1+ 27.Kg2 Qxa2
(27...Rc1) 28.Rd7 a5 29.Qd4 Qb3 30.Rb7 Qc4 31.Qxb6 Ra8 32.Rc7 Qa6 33.Qb3 Qe6
34.Qb7 Ra6 35.Qb8+ Kg7 36.Rc8 Qd6 37.Rg8+ Kh6 38.Qc8 Qe6?? (38...f5) 39.Qf8+
Kg5 40.f4+ Kf6 41.Qd8+ Qe7 42.Qd4+ Kf5 43.Qd5+ Kg4 44.Re8 Qh4 45.f3# 1-0

[Event "Finland Team Ch"]
[Site "Joensuu FIN"]
[Date "2016.01.09"]
[Round "4"]
[White "Vesely, Petr"]
[Black "Kettunen, Juha"]
[Result "1-0"]
[Section "II Division:3"]
[Board "3"]
[WhiteTeam "Lauttasaaren Shakkikerho"]
[BlackTeam "Joensuun Shakkikerho 2"]
[WhiteElo "1974"]
[BlackElo "1884"]

1.c4 e5 2.Nc3 Nf6 3.g3 d5 4.cxd5 Nxd5 5.Bg2 Nxc3 6.bxc3 c6 7.d3 Be6 8.Nf3 Bd6
9.O-O O-O 10.Qc2 Bf5 11.Bg5 Qd7 12.Nd2 Na6 13.Rab1 Rab8 14.Nc4 Bc7 15.Qa4 Qc8
16.Qa3 Be6 17.Be3 Bxc4 18.dxc4 c5 19.Bxc5 Nxc5 20.Qxc5 b6 21.Qa3 a5 22.Rfd1
Rd8 23.Qe7 Re8 24.Qd7 Rd8 25.Qc6 Kf8 26.Bh3 Qb7 27.Rxd8+ Bxd8 28.Qxb7 Rxb7
29.c5 Ke7 30.c6 Ra7 31.Rd1 g6 32.Rd5 f6 33.Bc8 Rc7 34.Bd7 Ra7 35.a4 Ra8 36.Bh3
Ra7 37.Kf1 h6 38.Ke1 e4 39.Bc8 Rc7 40.Bd7 Kf7 41.Rb5 Ke7 42.g4 Kd6 43.Kd2 Ra7
44.Ke3 Ra8 45.Kxe4 Kc7 46.Be8 Be7 47.Bxg6 Bc5 48.Kf3 Rd8 49.Be4 Rd2 50.Rb1 Ra2
51.Rd1 Bd6 52.Rd4 Ra3 53.Kg2 Rxc3 54.Bf3 Rb3 55.h4 Rb4 56.Rxb4 axb4 57.Bd5 Be5
58.Kf3 Kd6 59.Ke4 Bb2 60.Kf5 Bc3 61.Kg6 Be5 62.e4 b3 63.Bxb3 Kxc6 64.Kxh6 Kd6
65.Kg6 Bd4 66.h5 Ke7 67.h6 f5 68.exf5 Bxf2 69.f6+ Kf8 70.Bf7 Bd4 71.h7 1-0

[Event "Finland Team Ch"]
[Site "Joensuu FIN"]
[Date "2016.01.09"]
[Round "4"]
[White "Tuomo Paulasto"]
[Black "Piippo, Mikko"]
[Result "1/2-1/2"]
[Section "II Division:3"]
[Board "4"]
[WhiteTeam "Joensuun Shakkikerho 2"]
[BlackTeam "Lauttasaaren Shakkikerho"]
[WhiteElo "1876"]
[BlackElo "1857"]

1.e4 e6 2.d4 d5 3.Nc3 dxe4 4.Nxe4 Bd7 5.Nf3 Bc6 6.Bd3 Nd7 7.Be3 Be7 8.Qe2 Ngf6
9.Nxf6+ Nxf6 10.O-O Qd6 11.Ne5 Nd5 12.c4 Nxe3 13.fxe3 Bf6 14.c5 Qe7 15.Nxc6
bxc6 16.Qf3 O-O 17.Qxc6 e5 18.Qe4 g6 19.d5 Bg7 20.b4 Kh8 21.Rab1 f5 22.Qc4 e4
23.Bc2 Be5 24.Rb3 Qh4 25.g3 Bxg3 26.hxg3 Qxg3+ 27.Kh1 Qh3+ 28.Kg1 Qg3+ 1/2-1/2

[Event "Finland Team Ch"]
[Site "Joensuu FIN"]
[Date "2016.01.09"]
[Round "4"]
[White "Kumar, Ashwin"]
[Black "Mustonen, Tapani"]
[Result "0-1"]
[Section "II Division:3"]
[Board "5"]
[WhiteTeam "Lauttasaaren Shakkikerho"]
[BlackTeam "Joensuun Shakkikerho 2"]
[WhiteElo "1865"]
[BlackElo "1910"]

1.d4 Nf6 2.c4 g6 3.Nc3 d5 4.e3 Bg7 5.Nf3 O-O 6.Be2 c5 7.O-O cxd4 8.exd4 dxc4
9.Bxc4 Qc7 10.Bb3 a6 11.Bg5 Nc6 12.Qd2 Bg4 13.Bf4 Qd7 14.Ne5 Nxe5 15.dxe5 Nh5
16.Qxd7 Bxd7 17.Bg5 Bxe5 18.Rad1 Bc6 19.Bxe7 Rfe8 20.Bd6 Nf4 21.Bxe5 Rxe5
22.f3 Ne2+ 23.Nxe2 Rxe2 24.Rf2 Rae8 25.Bc4 R2e3 26.Rfd2 b5 27.Bf1 Re1 28.Kf2
Rxd1 29.Rxd1 f5 30.Rd6 Rc8 31.Ke3 Kf7 32.b4 Ke7 33.Rd2 Bd7 34.g3 Be6 35.a3 Rc1
36.Be2 Ra1 37.Rd3 Bc4 38.Rc3 Bxe2 39.Kxe2 Ra2+ 40.Ke3 Kd6 41.h4 h6 42.Kf4 Kd5
43.h5 gxh5 44.Kxf5 Kd4 45.Rb3 Rg2 46.f4 Rh2 47.Ke6 Re2+ 48.Kf5 Rh2 49.Rf3 Rh3
50.Rf1 Rxg3 51.Rh1 Rxa3 52.Ke6 Re3+ 53.Kf6 Kc4 54.Rb1 Rb3 55.Ra1 Kxb4 56.Rxa6
h4 57.Ke5 Kc4 58.Rxh6 Re3+ 59.Kf5 h3 60.Kg4 b4 61.f5 b3 62.f6 b2 63.f7 b1=Q
64.f8=Q Qg1+ 65.Kf4 Qf2+ 66.Kg4 Qxf8 67.Rc6+ Kd5 68.Rg6 Qf3+ 69.Kg5 Re5+
70.Kh6 Qf8+ 71.Kh7 Rh5+ 0-1

[Event "Finland Team Ch"]
[Site "Salo FIN"]
[Date "2016.01.09"]
[Round "5"]
[White "Lehtinen, Tero"]
[Black "Pelto, Juho"]
[Result "0-1"]
[Section "II Division:1"]
[Board "1"]
[WhiteTeam "Lauttasaaren Shakkikerho 2"]
[BlackTeam "Salon Shakkikerho 2"]
[WhiteElo "1865"]
[BlackElo "2056"]

1.d4 d5 2.Bf4 Nf6 3.Nd2 c5 4.e3 Nc6 5.c3 Bf5 6.Ngf3 e6 7.Nh4 Bg4 8.Nhf3 Qb6
9.Qb1 Bf5 10.dxc5 Bxc5 11.Bd3 Bxd3 12.Qxd3 Qxb2 13.O-O Qa3 14.Rfb1 Bb6 15.Rb3
Qe7 16.Bg5 O-O 17.e4 h6 18.Bxf6 Qxf6 19.exd5 exd5 20.Rab1 Rad8 21.Qc2 Rfe8
22.Nf1 Ne5 23.Nd4 Nc4 24.Rd1 Qe5 25.Ng3 g6 26.Nf3 Qf6 27.Rb5 Na3 28.Qb3 Nxb5
29.Qxb5 Qxc3 30.h3 Qc2 31.Rd2 Qc4 32.Qb2 d4 33.Rc2 Qd5 34.Rd2 d3 35.Qf6 Ba5
36.Rd1 d2 37.Nf1 Re1 38.Qa1 Rxd1 39.Qxd1 Qxa2 40.Ne3 Qb2 41.Qa4 0-1

[Event "Finland Team Ch"]
[Site "Salo FIN"]
[Date "2016.01.09"]
[Round "5"]
[White "Haanila, Erkki"]
[Black "Joutsivuo, Timo"]
[Result "1-0"]
[Section "II Division:1"]
[Board "2"]
[WhiteTeam "Salon Shakkikerho 2"]
[BlackTeam "Lauttasaaren Shakkikerho 2"]
[WhiteElo "1915"]
[BlackElo "1854"]

1.d4 d5 2.Nf3 Nf6 3.Bf4 e6 4.Nbd2 c5 5.e3 Nc6 6.c3 Bd7 7.Bd3 cxd4 8.
exd4 Be7 9.O-O O-O 10.h3 Rc8 11.Qe2 a6 12.Rfc1 h6 13.Nh2 g5 14.Be5 Nxe5
15.dxe5 Nh7 16.Qh5 f5 17.exf6 Bxf6 18.Qg6+ Bg7 19.Qxh7+ Kf7 20.Bg6+ 1-0

[Event "Finland Team Ch"]
[Site "Salo FIN"]
[Date "2016.01.09"]
[Round "5"]
[White "Siikonen, Timo"]
[Black "Tötterström, Raino"]
[Result "0-1"]
[Section "II Division:1"]
[Board "3"]
[WhiteTeam "Lauttasaaren Shakkikerho 2"]
[BlackTeam "Salon Shakkikerho 2"]
[WhiteElo "1783"]
[BlackElo "1849"]

1.e4 g6 2.d4 d6 3.Nc3 a6 4.Bg5 h6 5.Bh4 Bg7 6.Qd2 Nd7 7.Bc4 g5 8.Bg3 e6 9.h4
Nb6 10.Bb3 Bd7 11.O-O-O Qe7 12.f4 g4 13.h5 O-O-O 14.e5 Qf8 15.Bh4 Re8 16.Ne4
Bc6 17.Qe2 f5 18.exf6 Nxf6 19.Nxf6 Bxf6 20.Qxg4 d5 21.Qe2 Bb5 22.Qf2 a5
23.Bxf6 Qxf6 24.c3 Rhg8 25.Nh3 Qg7 26.Rdg1 Qg3 27.Bc2 Ref8 28.Qxg3 Rxg3 29.Bg6
Nc4 30.Rh2 Kd7 31.Kc2 Kd6 32.b3 Ne3+ 33.Kd2 Nf1+ 34.Rxf1 Bxf1 0-1

[Event "Finland Team Ch"]
[Site "Salo FIN"]
[Date "2016.01.09"]
[Round "5"]
[White "Riekkinen, Keijo"]
[Black "Heimonen, Arto"]
[Result "0-1"]
[Section "II Division:1"]
[Board "4"]
[WhiteTeam "Salon Shakkikerho 2"]
[BlackTeam "Lauttasaaren Shakkikerho 2"]
[WhiteElo "1835"]
[BlackElo "1639"]

1.c4 Nf6 2.Nc3 e5 3.Nf3 Nc6 4.g3 d6 5.Bg2 Be6 6.d3 Qd7 7.Ng5 h6 8.Nxe6 fxe6
9.Rb1 Be7 10.b4 O-O 11.b5 Nd8 12.a4 Ng4 13.O-O Kh8 14.h3 Nf6 15.a5 d5 16.Qb3
Bc5 17.cxd5 exd5 18.Nxd5 Nxd5 19.Qxd5 Qe7 20.a6 Rb8 21.axb7 Nxb7 22.Qa2 Nd6
23.Bc6 e4 24.Qc2 Nf5 25.Kg2 Nd4 26.Qd1?? Nxc6 27.Bxh6 gxh6 28.bxc6 Bb6 29.Qc2
exd3 30.Qxd3 Qf6 31.e3 Qxc6+ 32.Kg1 Qf6 33.Rb4 Rbd8 34.Qe2 Rd5 35.g4 Rfd8
36.Rf4 Qg7 37.Qf3 R5d7 38.h4 Bc5 39.Qg2 Bd6 40.Rf5 Rf8 41.Rh5 Rf6 42.f4 Qe7
43.Qf3 Bc5 44.Re5 Qxe5 45.Qa8+ Rf8 46.Qxf8+ Bxf8 47.fxe5 Bc5 48.Rf3 Re7 49.Kf2
Rxe5 50.Ke2 a5 51.Kd3 a4 52.e4 a3 53.Rf6 Kg7 54.Ra6 Bd6 55.Kd4 Rb5 56.Ra8 Be5+
57.Kc4 Rb6 58.Rxa3 Rg6 59.Kd5 Bd6 60.e5 Bxa3 0-1

[Event "Finland Team Ch"]
[Site "Salo FIN"]
[Date "2016.01.09"]
[Round "5"]
[White "Henttonen, Tero"]
[Black "Virtanen, Aleksi"]
[Result "0-1"]
[Section "II Division:1"]
[Board "5"]
[WhiteTeam "Lauttasaaren Shakkikerho 2"]
[BlackTeam "Salon Shakkikerho 2"]
[WhiteElo "1619"]
[BlackElo "1824"]

1.e4 e6 2.g3 d5 3.e5 c5 4.Bg2 Nc6 5.f4 Nge7 6.Nf3 Nf5 7.d3 Be7 8.Nc3 O-O 9.O-O
Bd7 10.Bd2 Rc8 11.Ne2 Qb6 12.Rb1 c4+ 13.Kh1 cxd3 14.cxd3 Bb4 15.a3 Bxd2
16.Qxd2 Ne3 17.Rfc1 Na5 18.b4 Nc6 19.Rc5 Nf5 20.Rbc1 a6 21.g4 Nh6 22.h3 Ne7
23.Nfd4 Rxc5 24.Rxc5 Rc8 25.Nb3 Rxc5 26.Nxc5 Bc8 27.Nd4 Qc7 28.Na4 Bd7 29.Qc3
Qxc3 30.Nxc3 f6 31.exf6 gxf6 32.Kh2 Nf7 33.Kg3 Nc6 34.Nce2 Nfd8 35.Kf2 Nxd4
36.Nxd4 Nc6 37.Ke3 Ne7 38.Nb3 b6 39.Nd4 Kf7 40.Bf3 Nc6 41.h4 Ne7 42.h5 h6
43.Bd1 e5 44.Nc2 d4+ 45.Nxd4 exd4+ 46.Kxd4 Be6 47.Bf3 Bc8 48.a4 Bd7 49.a5 bxa5
50.bxa5 Nc6+ 51.Bxc6 Bxc6 52.Kc5 Bb5 53.d4 Ke6 54.d5+ Kd7 55.Kd4 Kd6 56.Ke4
Ke7 57.Kf5 Bd3# 0-1

[Event "Finland Team Ch"]
[Site "Helsinki FIN"]
[Date "2016.02.06"]
[Round "5"]
[White "Kauppala, Pekka"]
[Black "Lehto, Ville"]
[Result "1/2-1/2"]
[Section "II Division:3"]
[Board "1"]
[WhiteTeam "Lauttasaaren Shakkikerho"]
[BlackTeam "Shakkikerho X"]
[WhiteElo "2087"]
[BlackElo "2168"]

1.d4 d6 2.Nc3 Nf6 3.e4 g6 4.g3 Bg7 5.Bg2 O-O 6.Nge2 e5 7.dxe5 dxe5 8.Qxd8 Rxd8
9.Nd5 Nxd5 10.exd5 Bf5 11.c3 Nd7 12.Bg5 f6 13.Be3 Nb6 14.Rd1 e4 15.Nf4 Bg4
16.Rd4 f5 17.Rd2 Nc4 18.Rc2 g5 19.Ne6 Rxd5 20.O-O Rd7 21.Bd4 Bxd4 22.cxd4 Re8
23.d5 Ne5 24.Nxg5 Rxd5 25.Rxc7 h6 26.Nh7 Re6 27.h3 Be2 28.Rfc1 Red6 29.g4 Rd1+
30.Kh2 Rxc1 31.Rxc1 Kxh7 32.gxf5 Bf3 33.Rc7+ Rd7 34.Rc5 Nd3 35.Ra5 b6 36.Ra3
Ne5 37.Bxf3 Nxf3+ 38.Kg3 Kg7 39.Kf4 Kf6 40.Rc3 Nd4 41.Rc8 Re7 42.Rf8+ Rf7
43.Rxf7+ Kxf7 44.Kxe4 Nc6 45.a3 Kf6 46.Kd5 Ne7+ 47.Kd6 h5 48.a4 h4 49.b4 Nxf5+
50.Kc7 Nd4 51.Kb7 a5 52.b5 Nxb5 53.Kxb6 Nc3 54.Kxa5 Kf5 55.Kb4 Nxa4 56.Kxa4
Kf4 57.Kb4 Kf3 58.Kc4 Kxf2 59.Kd3 Kg2 60.Ke2 Kxh3 61.Kf2 Kh2 62.Kf1 h3 63.Kf2
Kh1 64.Kf1 h2 65.Kf2 1/2-1/2

[Event "Finland Team Ch"]
[Site "Helsinki FIN"]
[Date "2016.02.06"]
[Round "5"]
[White "Pulkkanen, Anssi-Tapio"]
[Black "Heikkinen, Jyrki"]
[Result "1/2-1/2"]
[Section "II Division:3"]
[Board "2"]
[WhiteTeam "Shakkikerho X"]
[BlackTeam "Lauttasaaren Shakkikerho"]
[WhiteElo "1956"]
[BlackElo "2038"]

1.e4 d5 2.exd5 Nf6 3.d4 Bg4 4.Be2 Bxe2 5.Nxe2 Qxd5 6.O-O Nc6 7.Be3 O-O-O 8.Nd2
Ng4 9.h3 Nxe3 10.fxe3 Qg5 11.Rf3 e5 12.c3 f5 13.Qc2 e4 14.Rg3 Qh6 15.h4 Qxh4
16.Rf1 g6 17.Rh3 Qe7 18.Nf4 Qf6 19.b4 h5 20.b5 Ne7 21.c4 h4 22.d5 Bh6 23.Ne6
Rd7 24.Nxe4 Qe5 25.N4g5 Bxg5 26.Nxg5 Ng8 27.e4 f4 28.Ne6 Rf7 29.Ra3 h3 30.gxh3
Rf6 31.Qg2 Kb8 32.Raf3 g5 33.Nxg5 Ne7 34.Qg4 Rg6 35.Rxf4 b6 36.h4 Kb7 37.R1f2
Qa1+ 38.Kg2 Rxg5 39.hxg5 Ng6 40.Rf1 Nxf4+ 41.Qxf4 Qxa2+ 42.Rf2 Qxc4 43.d6 Qd3
44.Qf3 Qxb5 45.e5+ Kb8 46.dxc7+ Kxc7 47.Qf7+ Kb8 48.Qf6 Qd5+ 49.Kg3 Rg8 50.Kg4
Qd1+ 51.Rf3 Qg1+ 52.Rg3 Qd1+ 53.Rf3 Qg1+ 1/2-1/2

[Event "Finland Team Ch"]
[Site "Helsinki FIN"]
[Date "2016.02.06"]
[Round "6"]
[White "Siikonen, Timo"]
[Black "Khanov, Pavel"]
[Result "0-1"]
[Section "II Division:1"]
[Board "4"]
[WhiteTeam "Lauttasaaren Shakkikerho 2"]
[BlackTeam "Helsingin Shakkiklubi 3"]
[WhiteElo "1769"]
[BlackElo "1901"]

1.e4 c6 2.d4 d5 3.exd5 cxd5 4.c4 Nf6 5.Nf3 g6 6.c5 Bg7 7.Bb5+ Bd7 8.Nc3 Bxb5
9.Nxb5 Qd7 10.Qd3 Nc6 11.a3 O-O 12.O-O Ne4 13.Nc3 Nxc3 14.Qxc3 e5 15.Nxe5 Nxe5
16.dxe5 d4 17.Qd3 Qd5 18.b4 Bxe5 19.Bb2 Rad8 20.Rac1 Rfe8 21.Rfe1 Re6 22.Re2
Bxh2+ 23.Kf1 Rxe2 24.Qxe2 d3 25.Qd2 Qh5 26.Re1 Bf4 0-1

[Event "Finland Team Ch"]
[Site "Helsinki FIN"]
[Date "2016.02.06"]
[Round "5"]
[White "Österlund, Magnus"]
[Black "Heimonen, Arto"]
[Result "0-1"]
[Section "III Division:6"]
[Board "1"]
[WhiteTeam "Hangon Shakkiseura"]
[BlackTeam "Lauttasaaren Shakkikerho 3"]
[WhiteElo "1867"]
[BlackElo "1673"]

1.f4 d5 2.Nf3 Nc6 3.g3 Bg4 4.Bg2 e6 5.d3 Bc5 6.e3 Nge7 7.O-O Nf5 8.d4 Bb6 9.c3
h5 10.Qe1 h4 11.Nxh4 Nxh4 12.gxh4 Qf6 13.Qg3 Bf5 14.Nd2 O-O-O 15.Nf3 Rh6
16.Qg5 Rg6 17.Qxf6 gxf6 18.Kh1 Rdg8 19.Rg1 Be4 20.Bd2 Rxg2 21.Rxg2 Bxf3
22.Rag1 Ne7 23.Be1 Nf5 24.Bf2 c5 25.h3 Bxg2+ 26.Rxg2 Rh8 27.Rg4 Kd8 28.Kg2 Ke8
29.Kf3 Kf8 30.a4 c4 31.Ke2 Bd8 0-1

[Event "Finland Team Ch"]
[Site "Helsinki FIN"]
[Date "2016.02.06"]
[Round "5"]
[White "Hakulinen, Timo"]
[Black "Paasonen, Pasi"]
[Result "1-0"]
[Section "III Division:6"]
[Board "5"]
[WhiteTeam "Hangon Shakkiseura"]
[BlackTeam "Lauttasaaren Shakkikerho 3"]
[WhiteElo "1434"]
[BlackElo "1278"]

1.e4 e6 2.Nf3 d5 3.exd5 exd5 4.d4 Nf6 5.Bg5 h6 6.Bh4 Bf5 7.c3 Nbd7 8.Be2 Bd6
9.O-O g5 10.Bg3 Bxg3 11.fxg3 Qe7 12.Ne5 Be6 13.Nd2 O-O-O 14.Qa4 Ne4 15.Nxe4
dxe4 16.Rae1 Kb8 17.Qc2 Rhg8 18.Qxe4 f5 19.Nxd7+ Qxd7 20.Qc2 Rgf8 21.Bd3 Rf6
22.Re5 f4 23.gxf4 Rxf4 24.Rxf4 gxf4 25.Bf5 Bxf5 26.Qxf5 Qd6 27.Qxf4 Rf8 28.Qe4
Qd7 29.Re7 Qd8 30.d5 a5 31.Qe5 a4 32.b4 b6 33.Re6 Kb7 34.Rxh6 Qd7 35.Qe6 Qb5
36.Qc6+ Qxc6 37.dxc6+ Kc8 38.g4 Kd8 39.Re6 Rf3 40.g5 Rxc3 41.g6 1-0

[Event "Finland Team Ch"]
[Site "Helsinki FIN"]
[Date "2016.03.12"]
[Round "6"]
[White "Kiltti, Jyrki"]
[Black "Kauppala, Pekka"]
[Result "1-0"]
[Section "II Division:3"]
[Board "1"]
[WhiteTeam "Lahden Shakki"]
[BlackTeam "Lauttasaaren Shakkikerho"]
[WhiteElo "2225"]
[BlackElo "2082"]

1.c4 g6 2.Nc3 Bg7 3.g3 e5 4.Nf3 Nc6 5.d3 Nf6 6.Bg2 O-O 7.Bg5 h6 8.Bd2 d6 9.Rb1
a5 10.a3 d5 11.cxd5 Nxd5 12.Nxd5 Qxd5 13.O-O Qb5 14.Qc1 Kh7 15.b4 axb4 16.axb4
Ra2 17.Qc5 Nd4 18.Nxd4 Qxc5 19.bxc5 Rxd2 20.Nb5 Rxe2 21.Nxc7 Rc2 22.Rfc1 Rxc1+
23.Rxc1 Rd8 24.Nb5 Bf8 25.Na7 Kg7 26.h4 g5 27.hxg5 hxg5 28.Rc3 Bf5 29.Bxb7
Rxd3 30.Rc1 Ra3 31.Nb5 Ra5 32.Nd6 Bxd6 33.cxd6 Kf8 34.Bc6 Be6 35.Rd1 Bg4 36.d7
Bxd1 37.d8=Q+ 1-0

[Event "Finland Team Ch"]
[Site "Helsinki FIN"]
[Date "2016.03.12"]
[Round "6"]
[White "Heikkinen, Jyrki"]
[Black "Joentausta, Hannu"]
[Result "1-0"]
[Section "II Division:3"]
[Board "2"]
[WhiteTeam "Lauttasaaren Shakkikerho"]
[BlackTeam "Lahden Shakki"]
[WhiteElo "2035"]
[BlackElo "2125"]

1.d4 Nf6 2.Nc3 d5 3.e4 dxe4 4.f3 exf3 5.Nxf3 g6 6.Bc4 Bg7 7.O-O O-O 8.Qe1 Nc6
9.Qh4 Bg4 10.Be3 Bf5 11.h3 h5 12.g4 hxg4 13.Ng5 Nxd4? 14.hxg4 Bxg4? 15.Rxf6
Bh5 16.Rxf7 Rxf7 17.Bxf7+ Kf8 18.Rf1 Bf6 19.Bxg6 1-0

[Event "Finland Team Ch"]
[Site "Helsinki FIN"]
[Date "2016.03.12"]
[Round "6"]
[White "Hagelberg, Lauri"]
[Black "Vesely, Petr"]
[Result "1/2-1/2"]
[Section "II Division:3"]
[Board "3"]
[WhiteTeam "Lahden Shakki"]
[BlackTeam "Lauttasaaren Shakkikerho"]
[WhiteElo "2052"]
[BlackElo "1966"]

1.d4 c5 2.d5 e5 3.e4 d6 4.c4 Ne7 5.Nc3 Ng6 6.g3 Be7 7.Bg2 Nd7 8.Nge2 Nf6 9.h3
h6 10.Be3 Nh7 11.Qd2 Bd7 12.Nc1 a6 13.a4 Qa5 14.Ra3 Bg5 15.Nd3 Bxe3 16.Qxe3
Qc7 17.O-O a5 18.f4 f6 19.Kh2 O-O-O 20.f5 Ne7 21.Nb5 Bxb5 22.cxb5 b6 23.Rc3
Kd7 24.b4 axb4 25.Nxb4 Ra8 26.Ra1 Ng5 27.Bf1 Nf7 28.Nc6 Nd8 29.Be2 Nb7 30.Bh5
Rhf8 31.Qe2 Kc8 32.Qg4 Nxc6 33.dxc6 Na5 34.Qd1 Qe7 35.Qd5 Ra7 36.Ra2 Rd8
37.Rd2 Kc7 38.Bf7 c4 39.Ra2 Rf8 40.Be6 Nb3 41.Qxc4 Nc5 42.Bd5 Rfa8 43.Rca3 Ra5
44.Qc2 Qe8 45.Bb3 Qh5 46.Qc4 Qe8 47.Qd5 Qe7 48.Ra1 Qf8 49.R1a2 Qe7 50.Ra1 Qf8
1/2-1/2

[Event "Finland Team Ch"]
[Site "Helsinki FIN"]
[Date "2016.03.12"]
[Round "6"]
[White "Pystynen, Jarmo"]
[Black "Närhi, Kimmo"]
[Result "0-1"]
[Section "II Division:3"]
[Board "4"]
[WhiteTeam "Lauttasaaren Shakkikerho"]
[BlackTeam "Lahden Shakki"]
[WhiteElo "1978"]
[BlackElo "2031"]

1.d4 Nf6 2.Nf3 e6 3.Bg5 d5 4.e3 c5 5.c3 Nbd7 6.Nbd2 Be7 7.Bd3 b6 8.O-O Bb7
9.Ne5 Nxe5 10.dxe5 Nd7 11.Bxe7 Qxe7 12.f4 O-O 13.Qh5 g6 14.Qh6 f6 15.Nf3 Qg7
16.Qh3 f5 17.Ng5 Rfe8 18.Bb5 Rad8 19.Qh4 Qe7 20.Rad1 a6 21.Bxd7 Rxd7 22.Rd2 d4
23.exd4 cxd4 24.Rfd1 Red8 25.cxd4 Bd5 26.b3 Rc8 27.Qf2 Rdc7 28.Qe2 Qa3 29.h4
Rc3 30.Kh2 Qe7 31.Qf2 h6 32.Nh3 Be4 33.Re1 Bd5 34.Re3 Rxe3 35.Qxe3 Qxh4 36.Qg3
Qxg3+ 37.Kxg3 Rc3+ 38.Kf2 Kf7 39.Ng1 g5 40.Ne2 Rc7 41.Kg3 a5 42.Kf2 Ke8 43.Ng3
Kd7 44.Nh5 Rc3 45.Nf6+ Kc6 46.Ng8 Kd7 47.Nxh6 gxf4 48.Ng8 Be4 49.Nf6+ Kc6
50.Nh5 f3 51.g3 Rc2 52.Rxc2+ Bxc2 53.Kxf3 Bd1+ 0-1

[Event "Finland Team Ch"]
[Site "Helsinki FIN"]
[Date "2016.03.12"]
[Round "6"]
[White "Pitkänen, Jorma"]
[Black "Kumar, Ashwin"]
[Result "1-0"]
[Section "II Division:3"]
[Board "5"]
[WhiteTeam "Lahden Shakki"]
[BlackTeam "Lauttasaaren Shakkikerho"]
[WhiteElo "1946"]
[BlackElo "1835"]

1.e4 e6 2.d4 d5 3.exd5 exd5 4.Nf3 Nf6 5.Bg5 Be7 6.Be2 O-O 7.Bxf6 Bxf6 8.c3 Re8
9.O-O a5 10.h3 Na6 11.Re1 c5 12.Na3 cxd4 13.Nxd4 Nc5 14.Qc2 Bd7 15.Bf3 Rxe1+
16.Rxe1 Ne6 17.Nxe6 Bxe6 18.Rd1 Ra6 19.Qd3 Rd6 20.Nb5 Rd7 21.Nd4 g6 22.Nxe6
fxe6 23.Bg4 Rd6 24.Re1 e5 25.Qb5 d4 26.cxd4 Rxd4 27.Qxb7 Rb4 28.Be6+ Kh8
29.Qf7 Rxb2 30.Rc1 Rb8 31.Rc7 1-0